000 00872nas a2200277 4500
001 BR9502729
003 BR-BrBNA
005 20231205094338.0
007 ta
008 230509b bl.|||p| |||| 00| 00por d
040 _aBR-BrBNA
_bpor
_cBiblioteca Nacional de Agricultura
041 _a(Pt)
072 _aQ02
100 1 _aHoffmann, F.L.
100 1 _aCruz, C.H.G.
100 1 _aVinturim, T.M.
100 1 _aMotta, R.L. da
245 1 _aQualidade microbiologica dos refrigerantes comercializados na regiao de Sao Jose do Rio Preto - SP
650 _aRefrigerante
650 _aRefresco
650 _aMicrobiologia
650 _aSao Paulo
773 0 _tBoletim do Centro de Pesquisa e Processamento de Alimentos (Brazil)
_xISSN 0102-0323
_g(Jul-Dec 1993), v. 11(2) p. 123-130
_wBR9502729
909 _a202311
_bLúcia
_c55
_dLúcia Elande
942 _2AGRIS
_n0
_cANA
999 _c143705
_d143705